56. koncertná sezóna 2004/2005 Slovenská filharmónia

Bibliographic Details
Other Authors: Kurdelová, Margita (Translator), Benko, Vladimír (Photographer), Brenkus, Peter, 1961- (Photographer), Molnár, Alexander (Photographer), Sedlák, Jozef, 1958- (Photographer), Schreiberová, Kristína (Photographer), Vyskočil, Tomáš (Photographer)
Format: Book
Language:Slovak
PhysicalDescription:69 s. fotogr., rekl., ilustr. 21 cm
Published: [Bratislava Slovenská filharmónia 2004]
Edition:[1. vyd.]
Subjects:

MARC

LEADER 00000nam a2200000 a 4500
001 vtls001483360
003 SK-MaSNL
005 20260426004807.0
008 251023s2004 xo a 0 slo
015 |a SNBE2004/04-01920 
035 |a SNK000438655 
040 |a SNK  |b slo  |c SNK  |e AACR2 
043 |a e-xo--- 
044 |a xo  |c SK 
072 7 |a 78  |2 konspekt 
080 |a 78.071.2:785.11:061.7(083.97)"2004/2005"  |2 2. slo 
080 |a 785.11  |2 2. slo 
080 |a 78-027.22  |2 1981 
080 |a 061.2  |2 1981 
080 |a (437.6)  |2 1981 
080 |a (036)  |2 1981 
080 |a (083.97)  |2 1981 
245 1 |a 56. koncertná sezóna 2004/2005  |b Slovenská filharmónia  |c [preklad: Margita Kurdelová ; foto: Vladimír Benko ... [et al.]] 
246 1 3 |a Päťdesiatašiesta koncertná sezóna 2004/2005 
250 |a [1. vyd.] 
260 |a [Bratislava  |b Slovenská filharmónia  |c 2004] 
300 |a 69 s.  |b fotogr., rekl., ilustr.  |c 21 cm 
500 |a Čiast. text nem. 
500 |a Názov z obalu 
610 0 7 |a Slovenská filharmónia  |2 SNK  |9 145774 
610 2 7 |a Slovenská filharmónia  |2 SNK  |9 145774 
650 0 7 |a koncerty  |z Slovensko  |y r. 2004-2005  |2 SNK  |9 641112 
650 0 7 |a hudba  |2 konspekt  |9 1063 
651 7 |a Slovensko  |2 SNK  |9 14231 
655 7 |a informačné publikácie  |2 SNK  |9 70181 
655 7 |a programy koncertov  |2 SNK  |9 76409 
655 7 |a informačné publikácie  |2 SNK  |9 70181 
655 7 |a programy  |2 SNK  |9 70598 
700 1 |a Kurdelová, Margita  |4 trl  |9 45132 
700 1 |a Benko, Vladimír  |4 pht  |9 290056 
700 1 |a Brenkus, Peter,  |d 1961-  |4 pht  |9 101175 
700 1 |a Molnár, Alexander  |4 pht  |9 5715 
700 1 |a Sedlák, Jozef,  |d 1958-  |4 pht  |9 92976 
700 1 |a Schreiberová, Kristína  |4 pht  |9 46781 
700 1 |a Vyskočil, Tomáš  |4 pht  |9 47695 
999 |c 990331  |d 992261 
952 |t P60, <03>, [BOOK], {603}  |a SNK  |b SNK  |y PREZ  |7 0  |p 17A0444978  |o snkOSC 22737  |i snkKSP 13213/2004  |0 0  |1 0  |4 0  |d 2004-10-12  |l 0  |r 2005-01-02 00:00:00  |w 2026-02-24 
952 |t P60, <04>, [BOOK], {604}  |a SNK  |b SNK  |y VYP  |7 0  |p 17A0444976  |o snkOSC 22737 D1  |i snkKSP 13214/2004  |0 0  |1 0  |4 0  |d 2004-10-12  |l 0  |r 2005-01-02 00:00:00  |w 2026-02-24